Normal view
MARC view
- Cramer,Michael M.
Entry Personal Name
001 - CONTROL NUMBER
- control field: 973
003 - CONTROL NUMBER IDENTIFIER
- control field: OSt
005 - DATE AND TIME OF LATEST TRANSACTION
- control field: 20160716135903.0
008 - FIXED-LENGTH DATA ELEMENTS
- fixed length control field: 160716|| aca||aabn | a|a d
040 ## - CATALOGING SOURCE
- Original cataloging agency: OSt
- Transcribing agency: OSt
100 ## - HEADING--PERSONAL NAME
- Personal name: Cramer,Michael M.
670 ## - SOURCE DATA FOUND
- Source citation: Work cat.: (OSt): Cramer,Michael M., Food Plant Sanitation: Design, Maintenance, and Good Manufacturing Practices, 2013
